Marketing proizvoditelej.
Zavádzanie marketingu v podmienkach Ruska. Rozvoj trhovej ekonomiky si vyžaduje nové prístupy k riadeniu podnikov a cenotvorbe. Zavedenie systému formovania dopytu a stimulácie odbytu (FOSTIS). Hlavný obsah činnosti marketingových oddelení. Podniková marketingová stratégia.
Gespeichert in:
| 1. Verfasser: | |
|---|---|
| Format: | Buchkapitel |
| Sprache: | Russisch |
| Schlagworte: | |
| Tags: |
Keine Tags, Fügen Sie das erste Tag hinzu!
|
MARC
| LEADER | 00000naa a2200000 4500 | ||
|---|---|---|---|
| 001 | r009780 | ||
| 005 | 20221208122554.7 | ||
| 041 | 0 | |a rus | |
| 044 | |a [SU] | ||
| 245 | 1 | 0 | |a Marketing proizvoditelej. |c L.M. Putjatina |
| 520 | |a Zavádzanie marketingu v podmienkach Ruska. Rozvoj trhovej ekonomiky si vyžaduje nové prístupy k riadeniu podnikov a cenotvorbe. Zavedenie systému formovania dopytu a stimulácie odbytu (FOSTIS). Hlavný obsah činnosti marketingových oddelení. Podniková marketingová stratégia. | ||
| 610 | 2 | 0 | |a marketing |
| 610 | 2 | 0 | |a Rusko |
| 610 | 2 | 0 | |a riadenie podnikové |
| 610 | 2 | 0 | |a tvorba cien |
| 610 | 2 | 0 | |a dopyt |
| 610 | 2 | 0 | |a stimulovanie |
| 610 | 2 | 0 | |a odbyt |
| 610 | 2 | 0 | |a stratégia podniková |
| 100 | 1 | |a Putjatina, L.M. | |